000 00418nam a2200157Ia 4500
008 160316s1977 xxu||||| |||| 00| 0 eng d
082 _a341.470000
_bGOR
100 _aGorove Stephen
245 _aStudies in space law : It challenges and prospects
250 _a
260 _aLeyden
_bA W Sijthoff
_c1977
300 _a228p
_b
_ciii
365 _b
650 _a1.International Law - Space 2.Space Law
700 _a
_a
999 _c9886
_d9886